000 00286nam a2200109Ia 4500
008 220204s9999 xx 000 0 und d
082 _a301.19
_bPAR
100 _aParsons, Talcott
245 0 _aSociological theory and modern society
260 _aNew York
_bFree Press
_c1967
942 _cBK
999 _c29154
_d29154